Dr. S. R. Lasker Library Online Catalogue

Home      Library Home      Institutional Repository      E-Resources      MyAthens      EWU Home

Practical phonetics and phonology: (Record no. 6779)

MARC details
000 -LEADER
fixed length control field 00897nmm a2200277 a 4500
001 - CONTROL NUMBER
control field 5987
003 - CONTROL NUMBER IDENTIFIER
control field EWU MFN
008 - FIXED-LENGTH DATA ELEMENTS--GENERAL INFORMATION
fixed length control field 110621s9999 xx 000 0 und d
020 ## - INTERNATIONAL STANDARD BOOK NUMBER
International Standard Book Number 0-415-26134-1 (CD-ROM)
040 ## - CATALOGING SOURCE
Original cataloging agency BD-DhEWU
Modifying agency BD-DhEWU
Transcribing agency BD-DhEWU
Modifying agency BD-DhEWU
041 ## - LANGUAGE CODE
Language code of text/sound track or separate title ENG
082 ## - DEWEY DECIMAL CLASSIFICATION NUMBER
Classification number 421.58
Item number COP 2003
100 1# - MAIN ENTRY--PERSONAL NAME
Personal name COLLINS, Beverley
9 (RLIN) 6576
245 10 - TITLE STATEMENT
Title Practical phonetics and phonology:
Remainder of title a resource book for students
250 ## - EDITION STATEMENT
Edition statement Special Indian ed.ition
260 ## - PUBLICATION, DISTRIBUTION, ETC. (IMPRINT)
Place of publication, distribution, etc Delhi:
Name of publisher, distributor, etc Routledge,
Date of publication, distribution, etc 2003
300 ## - PHYSICAL DESCRIPTION
Extent
440 ## - SERIES STATEMENT/ADDED ENTRY--TITLE
Title Routledge English language introductions
9 (RLIN) 6579
526 ## - STUDY PROGRAM INFORMATION NOTE
Program name ENG
Interest level ENG
650 ## - SUBJECT ADDED ENTRY--TOPICAL TERM
Topical term or geographic name as entry element Phonetics
9 (RLIN) 20721
653 #1 - INDEX TERM--UNCONTROLLED
Uncontrolled term Phonetics English language-Phonetics English language-Pronunciation
700 ## - ADDED ENTRY--PERSONAL NAME
Personal name MEES, Inger M.
9 (RLIN) 6578
942 ## - ADDED ENTRY ELEMENTS (KOHA)
Item type CDs & DVDs
Source of classification or shelving scheme Dewey Decimal Classification
Holdings
Withdrawn status Lost status Source of classification or shelving scheme Damaged status Not for loan Home library Current library Shelving location Date acquired Source of acquisition Cost, normal purchase price Total Checkouts Full call number Barcode Checked out Date last seen Date last borrowed Copy number Koha item type
    Dewey Decimal Classification     Dr. S. R. Lasker Library, EWU Dr. S. R. Lasker Library, EWU   25/11/2007 Friends Book Corner 0.00 1 421.58 COP 5987-1233 25/12/2012 28/11/2012 28/11/2012 C-1 CDs & DVDs